Manual de funcionamiento Centro de Recursos para la Atención a la Diversidad CAD (Record no. 8302)
[ view plain ]
| 000 -LEADER | |
|---|---|
| campo de control de longitud fija | 00421nam a2200133Ia 4500 |
| 001 - NÚMERO DE CONTROL | |
| campo de control | 323 |
| 008 - DATOS DE LONGITUD FIJA--INFORMACIÓN GENERAL | |
| campo de control de longitud fija | 241024s9999 xx 000 0 und d |
| 082 ## - NÚMERO DE LA CLASIFICACIÓN DECIMAL DEWEY | |
| Número de clasificación | RD/379.123/R426m |
| 100 ## - ENTRADA PRINCIPAL--NOMBRE DE PERSONA | |
| Nombre de persona | República Dominicana.Secretaria de Estado de Educación |
| 245 #0 - MENCIÓN DEL TÍTULO | |
| Título | Manual de funcionamiento Centro de Recursos para la Atención a la Diversidad CAD |
| 260 ## - PUBLICACIÓN, DISTRIBUCIÓN, ETC. | |
| Nombre del editor, distribuidor, etc. | Alfa & Omega |
| Fecha de publicación, distribución, etc. | 2008 |
| 901 ## - ELEMENTOS DE DATOS A LOCAL LDA (RLIN) | |
| a | 2/11/2010 3:15:23 p.m. |
No items available.